The role of combined rCBF-rCBV SPECT studies in the evaluation of intracranial arteriovenous malformations (AVM-s)
Elmentve itt :
| Szerzők: | |
|---|---|
| Dokumentumtípus: | Könyv része |
| Megjelent: |
F.K. Schattauer Verlag
New York, Stuttgart
1992
|
| Sorozat: | Nuclear medicine. Supplementum ; 28
Nuclear Medicine : nuclear medicine in research and practice ; European Nuclear Medicine Congress 1991, Vienna, September 1-5, 1991 |
| Tárgyszavak: | |
| mtmt: | 1034275 |
| Online Access: | http://publicatio.bibl.u-szeged.hu/32275 |
| LEADER | 01082naa a2200277 i 4500 | ||
|---|---|---|---|
| 001 | publ32275 | ||
| 005 | 20250415144302.0 | ||
| 008 | 250415s1992 hu o 000 eng d | ||
| 020 | |a 3794515099 | ||
| 024 | 7 | |a 1034275 |2 mtmt | |
| 040 | |a SZTE Publicatio Repozitórium |b hun | ||
| 041 | |a eng | ||
| 100 | 1 | |a Pávics László | |
| 245 | 1 | 4 | |a The role of combined rCBF-rCBV SPECT studies in the evaluation of intracranial arteriovenous malformations (AVM-s) |h [elektronikus dokumentum] / |c Pávics László |
| 260 | |a F.K. Schattauer Verlag |b New York, Stuttgart |c 1992 | ||
| 300 | |a 4 | ||
| 300 | |a 438-441 | ||
| 490 | 0 | |a Nuclear medicine. Supplementum ; 28 | |
| 490 | 0 | |a Nuclear Medicine : nuclear medicine in research and practice ; European Nuclear Medicine Congress 1991, Vienna, September 1-5, 1991 | |
| 650 | 4 | |a Klinikai orvostan | |
| 700 | 0 | 1 | |a Kuncz A |e aut |
| 700 | 0 | 1 | |a Ambrus E |e aut |
| 700 | 0 | 1 | |a Dóczi Tamás Péter |e aut |
| 700 | 0 | 1 | |a Bodosi M |e aut |
| 700 | 0 | 1 | |a Csernay László |e aut |
| 856 | 4 | 0 | |u http://publicatio.bibl.u-szeged.hu/32275/1/aok_klny_708_92.pdf |z Dokumentum-elérés |